| 000 | 00747nmc a2200265 a 4500 | ||
|---|---|---|---|
| 003 | AR-BaBNM | ||
| 005 | 20251128202813.0 | ||
| 008 | 167019s1944 ||||||||||||||000 | spa|| | ||
| 040 | _cAR-BaBNM | ||
| 100 | 1 | _aPueyrredón, Carlos Alberto | |
| 245 | 1 | 0 | _aLa campaña de los Andes |
| 260 |
_aBuenos Aires _bEmecé _c1944 |
||
| 300 |
_a115 p. _bil., láms. |
||
| 490 | 0 | _aBuen aire | |
| 500 | _aContiene documentación p. 77-114 | ||
| 600 | 1 | 4 |
_aPueyrredón, Juan Martín de _d1816-1819 |
| 650 | 4 | _aBATALLA DE MAIPU | |
| 650 | 4 | _aBATALLA DE CHACABUCO | |
| 650 | 4 | _aCAMPANA DE LOS ANDES | |
| 650 | 4 | _aCRUCE DE LOS ANDES | |
| 650 | 4 | _aEJERCITO LIBERTADOR DEL PERU | |
| 700 | 1 |
_aBonomi, José _eilustrador |
|
| 942 | _cBK | ||
| 998 | _cmariana | ||
| 999 |
_c649 _d649 |
||